000 00541nam a2200181 a 4500
001 000036700
005 20200930075900.0
008 120125s1935 cl 000 0 spa d
040 _aDO-SdBNP
_bspa
_cBNPHU
082 _axxx
_bG643c, 1935
100 1 _aGonzález, Fernando,
_d1895-1964
_923069
245 1 0 _aCartas a Estanislao /
_cFernando González.
250 _a2a ed.
260 _aMedellín, Colombia :
_bBedout,
_c1935.
300 _a154 p. ;
_c19 cm.
490 1 _aBolsilibros Bedout
_v117
830 0 _aBolsilibros Bedout ;
_v117
_93750
999 _c36191
_d36191